000 01174nam a2200289 a 4500
005 20150313020003.0
008 110727s2010 ck a gr 000 0 spa d
015 _ack-2010-xxxx
020 _a9789588343495
041 0 _aspa
043 _as-ck---
082 0 4 _a633
_bC227s
100 1 _aCano Correa, Claudia.
_9429
245 1 0 _aSembrar en medio del desierto :
_britual y agrobiodiversidad entre los Wayuu /
_cClaudia cano Correa, María Clara van der Hammen Malo y Camilo Arbeláez Albornoz.
260 _aBogotá
_bInstituto de Investigación de Recursos Biológicos Alexander von Humboldt,
_c2010.
300 _a168 p.
_bil. ;
_c28 cm.
504 _aIncluye bibliografía.
650 4 _aCultivos
_z La Guajira (Colombia)
_9430
650 4 _aDesarrollo de recursos del desierto
_z La Guajira (Colombia)
_9431
650 4 _aWayuu (Guajira, Colombia)
_x Aspectos económicos.
_9432
650 4 _aAgrobiodiversidad.
_9433
650 4 _aAgricultura
_z La Guajira (Colombia)
_9434
650 4 _aZonas de cultivo
_z La Guajira (Colombia)
_9435
700 1 _aHammen Malo, María Clara van der.
_9436
700 1 _aArbeláez A., Camilo.
_9437
942 _2ddc
_cIMPRESO
_03
999 _c7362
_d7362